00330nam a2200121Ia 4500008004100000041000800041082002100049100001500070245004500085260004700130300002400177365000700201240624s9999 xx 000 0 und d aeng a658.15120218 JAI aJAIN PAWAN aINDIAN AND INTERNATIONAL FINANCIAL REPOR c2015aGermanybLambert Academic Publishing a124 : p. : cm. ; 21 cRS